MDQL
is popping MORE tags! Check the
thread
!
Quizzes
Events
Quiz Creation
Community
Videos
Private Events
Remove Ads
Sign In
Join for FREE
Feedback
Dark Mode
Quiz Categories
Sports
Geography
Music
Movies
Television
Just For Fun
Miscellaneous
History
Literature
Language
Science
Gaming
Entertainment
Religion
Holiday
For Kids
Quiz Lab
Recent
Popular Today
Quiz Kudos Today
Editor Picks
Curator Picks
Quizzes by...
Day
Popularity
Type
Ratings
Length
Year
Community
Subscriptions
Recent Discussions
Orange Saloon
Badges
Playlists
Quests
Create
Leaderboards
Showdown
Live 5
Trivia Bingo
Activity
Puzzle Library
Sporcle Events
Private Events
Virtual Trivia
Globe League
Become a Host
Pub Owners
SporcleCon
Opinionation
Our Games
Videos
Blog
Mobile Apps
Partnerships
Remove Ads and Go Orange
Feedback
Sports
Athletes
MLB
NBA
NHL
NFL
Soccer
Sports Teams
WWE
NCAA
Football
Premier League
Basketball
Baseball
Hockey
Golf
Tennis
Cricket
Rugby
Auto Racing
Olympics
World Cup
Sports
Athletes
MLB
NBA
NHL
NFL
Soccer
Sports Teams
WWE
NCAA
Football
Premier League
Basketball
Baseball
Hockey
Golf
Tennis
Cricket
Rugby
Auto Racing
Olympics
World Cup
Random Quiz
Search Sporcle
×
Quiz Lab
Quiz Lab
Sports
Football
Type in answers that appear in a list
Type in answers that appear in a list
Classic
Best Score? Go Orange.
F.C. Bayern Munich Squad: 2000-2001 Season Stats
Can you name the F.C. Bayern Munich Squad 2000-2001?
By
Spinebuster_94
10m
29 Questions
126 Plays
126 Plays
126 Plays
Comments
Comments
Give Quiz Kudos
Give Quiz Kudos
-
- Ratings
hide this ad
Forced Order
Answers have to be entered in order
Answers have to be entered in order
Replay
Link that replays current quiz
Next Quiz
Link to next quiz in quiz playlist
You Got
0%
They Got
Avg Score
52%
Avg Friend Score
Upgrade to see
Score Distribution
Jump to the score distribution portion of the page
Score
0/29
Timer
10:00
0
Plays Today
Squad Number
Player
% Correct
1
Oliver Kahn
100%
4
Samuel Kuffour
95.2%
3
Bixente Lizarazu
94.4%
2
Willy Sagnol
92.9%
9
Giovane Elber
88.1%
5
Patrick Andersson
86.5%
20
Hasan Salihamidzic
81%
23
Owen Hargreaves
78.6%
7
Mehmet Scholl
75.4%
13
Paulo Sergio
70.6%
10
Ciriaco Sforza
69%
11
Stefan Effenberg
68.3%
24
Roque Santa Cruz
60.3%
19
Carsten Jancker
54%
18
Michael Tarnat
50.8%
Squad Number
Player
% Correct
16
Jens Jeremies
49.2%
21
Alexander Zickler
48.4%
17
Thorsten Fink
47.6%
25
Thomas Linke
47.6%
22
Bernd Dreher
29.4%
8
Thomas Strunz
26.2%
6
Michael Wiesinger
24.6%
27
Berkant Goktan
20.6%
33
Stefan Wessels
19%
26
Antonio Di Salvo
15.9%
15
Slawomir Wojciechowski
15.1%
34
Andrew Sinkala
14.3%
29
Sebastian Backer
3.2%
28
Patrick Molzl
2.4%
Quiz Playlist
Details
Report
Send in Message
Add To Playlist
Classic:
Type in answers that appear in a list
Forced Order:
Answers have to be entered in order
Last Updated: Feb 16, 2017
Quiz Scoreboard
CHALLENGE
Sign Up to Join the Scoreboard
Show All
Scores
Hide
Comments
May contain spoilers
Recently Published
Holiday 10x10 Sorting Gallery
by lukepisani3
Holiday
15m
Two Season TV Shows II
by 123Four
Television
10m
Image Sorting: Flags VI
by Barbecue
Geography
2m
More to Explore
Quiz From the Vault
Featured Blog Post
14 Easter Pick-up Lines to Find Eggs With
hide this ad
You Might Also Like...
Tags
Football Quiz
Soccer Quiz
Bayern Munich
Football Clubs
munich
Today's Top Quizzes in Sports
Browse Sports
hide this ad
Today's Top Quizzes in Football
Browse Football
Top Contributed Quizzes in Sports
1
Les meilleurs buteurs des matchs entre le PSG et l’OM
2
Les entraîneurs de l'OM et du PSG au 21e siècle
3
2022 World Cup Stars
4
Les joueurs passés par le PSG et l'OM
5
Players with Multiple 50 Home Run Seasons
6
FIFA Club World Cup Champions
7
Criteria MLB: Left Handed Sluggers
8
Les joueurs passés par le LOSC et le RC Lens
9
Top 10 NHL Goal Scorers of All Time
10
NBA Logic Puzzle 2.0
Explore More
Trending Topics
Crossword
Disney
Marvel
Anime
Kpop
Harry Potter
NBA
Song
Pokémon
NFL
Country
WWE
Soccer
The Office
Puzzle
hide this ad
More By:
Spinebuster_94
Quiz
Plays
Rating
Category
Featured
Created
NJPW wrestlers by finisher (2017)
940
3.00
Sports
Jan 9, 2018
Top 50 Most Played Live Aerosmith Songs
385
4.00
Music
Sep 18, 2012
WWF Wrestler's Finishers: 2000
317
4.50
Sports
Sep 18, 2012
WWF Wrestler's Finishers: 1993
312
1.50
Sports
Oct 19, 2012
70's Aerosmith Songs By Opening Line
209
5.00
Music
Sep 18, 2012
Go to Creator's Profile
Score Distribution
Quiz Creator Spotlight
Spinebuster_94
Follow
Send a Message
Quizzes Created
-
Created Quiz Play Count
-
More By This Creator
Popular Quizzes Today
1
Find the US States - No Outlines Minefield
2
Colored Red Africa Blitz
3
Find the 'City' Movie
4
The Countries of the World
5
5x2 Blitz: Bands
6
Find the Countries of Europe - No Outlines Minefield
7
Find the US States
8
US States
More Sports Quizzes
NBA Playoffs 2021-- 20 PPG
Quiz Lab
Trending Quizzes
Colored Red Europe Blitz I
Colored Red Africa Blitz II
Colored Red Europe Blitz II
Even More Two Season TV Shows
Colored Red Africa Blitz III
Recently Updated
Odd Team Out - Big 4 Players
pecheneg
Quick Pick: 20 Twenties
pecheneg
March Madness Men's Triple Doubles
pecheneg
How Do You Spell That?
pecheneg
Godzilla Movies
pecheneg
Grab Bag: 4-10 Letters
pecheneg
2024 March Madness Bracket
pecheneg
Famous TV Couples
Peacemaker
Champions League XIs: Real Madrid
pecheneg
Largest US Cities 1790-2010
pecheneg
Trending Topics
Disney
Harry Potter
Crossword
NBA
Marvel
Kpop
Anime
The Office
NFL
Country
Song
Pokémon
Puzzle
WWE
Soccer
Your Account Isn't Verified!
In order to create a playlist on Sporcle, you need to verify the email address you used during registration. Go to your
Sporcle Settings
to finish the process.
Report this User
Report this user for behavior that violates our
Community Guidelines
.
Details:
Send Report
Go to the Sporcle.com Mobile Site →
Comments